Ответ на письмо В. Д. Иванченко; Известия Томского политехнического института [Известия ТПИ]; Т. 270 : Многозначные меры переменных напряжений

Bibliographische Detailangaben
Parent link:Известия Томского политехнического института [Известия ТПИ]/ Томский политехнический институт (ТПИ).— , 1944-1976
Т. 270 : Многозначные меры переменных напряжений.— 1973.— [С. 110-112]
1. Verfasser: Сергеев В. М.
Zusammenfassung:Заглавие с титульного листа
Электронная версия печатной публикации
Sprache:Russisch
Veröffentlicht: 1973
Schlagworte:
Online-Zugang:Черно-белая версия для предварительного просмотра
Цветная версия без потери качества
Format: Elektronisch Buchkapitel
KOHA link:https://koha.lib.tpu.ru/cgi-bin/koha/opac-detail.pl?biblionumber=237074

MARC

LEADER 00000nla2a2200000 4500
001 237074
005 20231031204817.0
035 |a (RuTPU)RU\TPU\book\258244 
035 |a RU\TPU\book\258243 
090 |a 237074 
100 |a 20130508d1973 k y0rusy50 ca 
101 0 |a rus 
102 |a RU 
135 |a drnn ---uucaa 
181 0 |a i  
182 0 |a b 
200 1 |a Ответ на письмо В. Д. Иванченко  |b Электронный ресурс  |f В. М. Сергеев 
203 |a Текст  |c электронный 
215 |a 2 файла (138 Кб, 3.6 Мб) 
230 |a Электронные текстовые данные (2 файла : 138 Кб, 3.6 Мб) 
300 |a Заглавие с титульного листа 
300 |a Электронная версия печатной публикации 
337 |a Adobe Reader 
461 1 |0 (RuTPU)RU\TPU\book\200995  |t Известия Томского политехнического института [Известия ТПИ]  |f Томский политехнический институт (ТПИ)  |d 1944-1976 
463 1 |0 (RuTPU)RU\TPU\book\258220  |t Т. 270 : Многозначные меры переменных напряжений  |v [С. 110-112]  |d 1973  |p 112 с. 
610 1 |a электронный ресурс 
610 1 |a труды учёных ТПУ 
700 1 |a Сергеев  |b В. М. 
801 1 |a RU  |b 63413507  |c 20090320  |g PSBO 
801 2 |a RU  |b 63413507  |c 20130514  |g PSBO 
856 4 |u http://www.lib.tpu.ru/fulltext/v/Bulletin_TPU/1973/v270/20_bw.pdf  |z Черно-белая версия для предварительного просмотра 
856 4 |u http://www.lib.tpu.ru/fulltext/v/Bulletin_TPU/1973/v270/20_full.pdf  |z Цветная версия без потери качества 
942 |c CF